00519nam a2200181Ia 450000500170000000800460001702000180006303700120008104000200009304100130011308400240012624500740015024500280022426000300025230000100028236500120029254600330030420250508170038.0008 250505s9999 xx 000 0 hin d a81-7525-405-X aTextual aFEDLbengcFEDL ahin2eng a363.7, NCE/RRqFEDL 0aAas- paas: Teesari kaksha ke liye pryavaran adhyayan ki patthyepustak 0cNCERT (New Delhi India) aDelhi, IndiabNCERTc2006 a158p. aINRb30 aGifted by Prof. Anita Rampal